|
|
|
|
| LEADER |
00869cam a2200241 a 4500 |
| 020 |
|
|
|a 9781848448476 (hbk.)
|
| 020 |
|
|
|a 1848448473 (hbk.)
|
| 020 |
|
|
|a 184844849X (pbk.)
|
| 020 |
|
|
|a 9781848448490 (pbk.)
|
| 082 |
0 |
4 |
|a 339.42
|b SCU/G
|
| 100 |
1 |
|
|a Scudder, Thayer.
|
| 245 |
1 |
0 |
|a Global threats, global futures :
|b living with declining living standards /
|
| 260 |
|
|
|a Cheltenham, UK ;
|a Northampton, MA :
|b Edward Elgar,
|c c2010.
|
| 300 |
|
|
|a vii, 292 p. :
|b col. ill., maps ;
|
| 650 |
|
0 |
|a Cost and standard of living.
|
| 650 |
|
0 |
|a Cost and standard of living
|
| 650 |
|
0 |
|a Economic development.
|
| 650 |
|
0 |
|a Poverty.
|
| 650 |
|
0 |
|a Globalization
|
| 650 |
|
0 |
|a Globalization
|
| 942 |
|
|
|c BK
|
| 999 |
|
|
|c 148519
|d 148515
|
| 952 |
|
|
|0 0
|1 0
|4 0
|6 339_420000000000000_SCU_G
|7 0
|9 147290
|a IUCSSER
|b IUCSSER
|c GEN
|d 2013-01-14
|g 2343.60
|l 0
|o 339.42 SCU/G
|p IUC00233
|r 2013-01-14
|w 2013-01-14
|y BK
|